States by National Parks Quiz Stats

 Plays Quiz not verified by Sporcle

Challenge
Share
Tweet
Embed
Score 0/29 Timer 04:00
0 Plays Today
Park(s) State % Correct
Haleakala, Hawaii VolcanoesHawaii
90.5%
Grand Canyon, Petrified Forest, SaguaroArizona
89.2%
Mount Rainier, North Cascades, OlympicWashington
88.9%
Denali, Gates of the Arctic, Glacier Bay, Katmai, Kenai Fjords, Kobuk Valley, Lake Clark, Wrangell-St. EliasAlaska
88.2%
Channel Islands, Death Valley, Joshua Tree, Kings Canyon, Lassen Volcanic, Pinnacles, Redwood, Sequoia, YosemiteCalifornia
87.8%
Biscayne, Dry Tortugas, EvergladesFlorida
87.6%
Grand Teton, YellowstoneWyoming
86.9%
Glacier, YellowstoneMontana
85.8%
Black Canyon of the Gunnison, Great Sand Dunes, Mesa Verde, Rocky MountainColorado
85.2%
Death Valley, Great BasinNevada
84.4%
Great Smoky MountainsTennessee
84%
Great Smoky MountainsNorth Carolina
81.1%
Arches, Bryce Canyon, Canyonlands, Capitol Reef, ZionUtah
80.6%
Badlands, Wind CaveSouth Dakota
79.9%
YellowstoneIdaho
77.7%
Park(s) State % Correct
AcadiaMaine
77.2%
Crater LakeOregon
77.1%
Virgin IslandsUnited States Virgin Islands
75.5%
ShenandoahVirginia
74.1%
Carlsbad CavernsNew Mexico
73.9%
Big Bend, Guadalupe MountainsTexas
72.7%
Mammoth CaveKentucky
72.1%
American SamoaAmerican Samoa
71.1%
Hot SpringsArkansas
70.6%
Cuyahoga ValleyOhio
69.2%
Isle RoyaleMichigan
66.3%
Theodore RooseveltNorth Dakota
62%
VoyageursMinnesota
55.3%
CongareeSouth Carolina
47.4%

You're not logged in!

Compare scores with friends on all Sporcle quizzes.
OR
Log In

You Might Also Like...

Show Comments

Extras

Top Quizzes Today


Score Distribution

Your Account Isn't Verified!

In order to create a playlist on Sporcle, you need to verify the email address you used during registration. Go to your Sporcle Settings to finish the process.

Report this User

Report this user for behavior that violates our Community Guidelines.

Details: